Deutscher Kader - Euro 2025 Frauen - Statistiken

Allgemein
  • Dieses Quiz wurde 280 mal gespielt
  • Das Durchschnittsergebnis liegt bei 19 aus 24
Antwortstatistiken
Nummer Position Verein Antwort % Korrekt
1 Tor NJ/NY Gotham FC Ann-Katrin Berger
98%
7 Abwehr FC Bayern München Giulia Gwinn
92%
22 Mittelfeld/Angriff Olympique Lyon Jule Brand
92%
9 Mittelfeld/Angriff FC Chelsea Sjoeke Nüsken
88%
19 Mittelfeld/Angriff FC Bayern München Klara Bühl
87%
10 Mittelfeld/Angriff Eintracht Frankfurt Laura Freigang
87%
11 Mittelfeld/Angriff FC Bayern München Lea Schüller
86%
3 Abwehr Chicago Red Stars Kathrin Hendrich
83%
8 Mittelfeld/Angriff Manchester City Sydney Lohmann
82%
5 Abwehr Bayer Leverkusen Carlotta Wamser
81%
6 Abwehr VfL Wolfsburg Janina Minge
79%
4 Abwehr Manchester City Rebecca Knaak
78%
13 Mittelfeld/Angriff Real Madrid Sara Däbritz
78%
15 Mittelfeld/Angriff TSG Hoffenheim Selina Cerci
78%
12 Tor VfL Wolfsburg Stina Johannes
78%
18 Mittelfeld/Angriff RB Leipzig Giovanna Hoffmann
77%
- Trainer - Christian Wück
76%
16 Mittelfeld/Angriff FC Bayern München Linda Dallmann
76%
2 Abwehr VfL Wolfsburg Sarai Linder
72%
17 Abwehr FC Bayern München Franziska Kett
70%
21 Tor FC Bayern München Ena Mahmutovic
68%
20 Mittelfeld/Angriff Eintracht Frankfurt Elisa Senß
63%
23 Abwehr VfL Wolfsburg Sophia Kleinherne
63%
14 Mittelfeld/Angriff VfL Wolfsburg Cora Zicai
58%
Keine übereinstimmenden Quizze gefunden
Verteilung der Resultate
Anzahl Personen mit jedem Resultat
Perzentil nach korrekt beantworteten Fragen
Ihre Resultats-Entwicklung
Sie haben dieses Quiz noch nicht gespielt